00257nam a22001097a 450000500170000008200130001710000150003024500280004526000340007330000120010765000280011920260512141443.0 a621.3JHA a621.83Jha  aElectrical Engineering  aNew Delhi:bBobby Pub,c1980. a201p. ; aElectrical Engineering